00430cam a2200157ua 450000100060000000800390000602000150004504000090006004100080006908200080007710000320008524500580011726000510017530000100022665300360023611394190917n ii |||gr||||Z||||||eng a8176710504 cMAIN aeng a339 aWilliam H Branson,eAuthor. aMacroeconomic theory and policycBy William H Branson aNew Delhi:bAffiliated east west press,c2017. a656p. aMacroeconomics & related topics